[Event "Cologne Longerich op 2nd"]
[Site "Cologne"]
[Date "2003.??.??"]
[Round "1"]
[White "Ljuboschiz, Alexander"]
[Black "Jansen, Ralph"]
[Result "1-0"]
[WhiteElo "2191"]
[BlackElo "1683"]
[PlyCount "27"]
[EventDate "2003.06.??"]
[EventType "swiss"]
[EventRounds "7"]
[EventCountry "GER"]
[SourceTitle "EXT 2004"]
[Source "ChessBase"]
[SourceDate "2003.11.25"]
[SourceVersion "1"]
[SourceVersionDate "2003.11.25"]
[SourceQuality "1"]

1. e4 c5 2. Nf3 a6 3. Nc3 b5 4. d4 cxd4 5. Nxd4 e5 6. Nf5 Qc7 7. Nd5 Qc6 8. Be3 g6 9. Ng3 Bc5 10. Qd2 d6 11. a4 bxa4 12. Bxc5 Qxc5 13. Rxa4 Nc6 14. Nc7+ 1-0

[Event "Cologne Longerich op 2nd"]
[Site "Cologne"]
[Date "2003.??.??"]
[Round "5"]
[White "Schwark, Mario"]
[Black "Jansen, Ralph"]
[Result "1-0"]
[WhiteElo "1814"]
[BlackElo "1683"]
[PlyCount "43"]
[EventDate "2003.06.??"]
[EventType "swiss"]
[EventRounds "7"]
[EventCountry "GER"]
[SourceTitle "EXT 2004"]
[Source "ChessBase"]
[SourceDate "2003.11.25"]
[SourceVersion "1"]
[SourceVersionDate "2003.11.25"]
[SourceQuality "1"]

1. d4 Nf6 2. c4 e5 3. dxe5 Ng4 4. Bf4 g5 5. Bg3 Bg7 6. Nf3 Nc6 7. Nc3 Ngxe5 8. Nxe5 Nxe5 9. e3 h5 10. h3 d6 11. c5 dxc5 12. Qxd8+ Kxd8 13. 0-0-0+ Bd7 14. Rd5 f6 15. f4 c6 16. Rd2 Ng6 17. Bd3 Nf8 18. fxg5 fxg5 19. Ne4 Ne6 20. Bc4 Re8 21. Nd6 Re7 22. Nf5 1-0